[Event "CAN-ch w"]
[Site "Kingston CAN"]
[Date "2022.04.17"]
[Round "7.21"]
[White "Botez, Alexandra"]
[Black "Ouellet, Maili-Jade"]
[Result "0-1"]
[WhiteElo "2020"]
[BlackElo "2179"]
[PlyCount "78"]
[EventDate "2022.04.13"]
[EventType "swiss"]
[EventRounds "9"]
[EventCountry "CAN"]

1. d4 d5 2. c4 e6 3. Nf3 c6 4. Nbd2 f5 5. e3 Nf6 6. Be2 Bd6 7. b3 O-O 8. O-O
Ne4 9. Bb2 Nd7 10. Ne5 Qa5 11. Ndf3 Ndf6 12. Qd3 Bd7 13. c5 Be7 14. a3 Be8 15.
b4 Qc7 16. a4 a5 17. Rfb1 Ng4 18. Rf1 h5 19. h3 Ngf6 20. h4 Ng4 21. g3 Qd8 22.
Kg2 Rc8 23. Qc2 Nexf2 24. Nxg4 Nxg4 25. Qb3 g5 26. hxg5 Bxg5 27. Nxg5 Qxg5 28.
Bxg4 fxg4 29. Rxf8+ Kxf8 30. Rf1+ Kg8 31. Rf4 Rc7 32. Qd1 Bg6 33. Qf1 Be4+ 34.
Kh2 Bf3 35. e4 h4 36. Bc1 Qh5 37. Rxf3 gxf3 38. Bf4 Rg7 39. exd5 hxg3+ 0-1

[Event "CAN-ch w"]
[Site "Kingston CAN"]
[Date "2022.04.17"]
[Round "7.22"]
[White "Demchenko, Svitlana"]
[Black "Gavrileva, Anna"]
[Result "1-0"]
[WhiteElo "2079"]
[BlackElo "1020"]
[PlyCount "113"]
[EventDate "2022.04.13"]
[EventType "swiss"]
[EventRounds "9"]
[EventCountry "CAN"]

1. e4 e6 2. d4 d5 3. Nd2 c5 4. exd5 exd5 5. Ngf3 Nc6 6. Bb5 Bd7 7. O-O Bd6 8.
dxc5 Bxc5 9. Nb3 Bb6 10. Qxd5 Nge7 11. Qd3 O-O 12. Bg5 f6 13. Bf4 a6 14. Bc4+
Kh8 15. Rad1 Bf5 16. Qe2 Qe8 17. Rfe1 Qh5 18. Bd6 Rfe8 19. h3 Bg6 20. Nh2 Nf5
21. Qxh5 Bxh5 22. Rxe8+ Rxe8 23. g4 Nxd6 24. Rxd6 Re1+ 25. Kg2 Be8 26. Nf3 Re7
27. c3 Bc7 28. Re6 b5 29. Bd5 Rxe6 30. Bxe6 Bb6 31. Nbd4 Ne7 32. Kf1 g6 33. Nd2
Kg7 34. Ne4 Bxd4 35. cxd4 Bc6 36. Nc5 a5 37. Ke2 Bd5 38. Kd3 Bxe6 39. Nxe6+ Kf7
40. Nc7 b4 41. d5 Nc8 42. Nb5 Ke7 43. Kd4 Nd6 44. Nxd6 Kxd6 45. f4 h6 46. b3 f5
47. gxf5 gxf5 48. h4 h5 49. Kc4 Kd7 50. Kc5 Kc7 51. d6+ Kd7 52. Kd5 Kd8 53. Ke6
Ke8 54. Kxf5 Kd7 55. Ke5 Kd8 56. Ke6 Ke8 57. f5 1-0

[Event "CAN-ch w"]
[Site "Kingston CAN"]
[Date "2022.04.17"]
[Round "7.23"]
[White "D'Souza, Carina"]
[Black "Guo, Veronica (Yu Han)"]
[Result "0-1"]
[WhiteElo "1466"]
[BlackElo "1444"]
[PlyCount "98"]
[EventDate "2022.04.13"]
[EventType "swiss"]
[EventRounds "9"]
[EventCountry "CAN"]

1. e4 c6 2. d4 d5 3. e5 Bf5 4. Bd3 Bxd3 5. Qxd3 e6 6. Ne2 Ne7 7. O-O Nd7 8. Nd2
Qc7 9. Qh3 a6 10. Nf3 c5 11. c3 Nc6 12. Ng5 h6 13. Nxf7 Kxf7 14. Nf4 Nd8 15.
Qh5+ Kg8 16. Ng6 Rh7 17. f4 cxd4 18. cxd4 Qc4 19. Be3 Qd3 20. Rae1 Qf5 21. Qxf5
exf5 22. g4 fxg4 23. f5 Nc6 24. a3 Re8 25. Bf2 Nb6 26. Kg2 Nc4 27. Re2 Be7 28.
Rc1 Bg5 29. Rxc4 dxc4 30. d5 Ne7 31. d6 Nxf5 32. d7 Rd8 33. e6 Ne7 34. Ne5 Nd5
35. Ng6 Rh8 36. Re5 Kh7 37. Nxh8 Nf4+ 38. Kf1 Nxe6 39. Rxe6 Rxd7 40. Ng6 Rd1+
41. Kg2 Rd2 42. Ne5 Bh4 43. Nxg4 Rxb2 44. Rb6 c3 45. Re6 Bxf2 46. Nxf2 c2 47.
Re1 Rb1 48. Nd3 Rxe1 49. Nxe1 c1=Q 0-1

[Event "CAN-ch w"]
[Site "Kingston CAN"]
[Date "2022.04.17"]
[Round "7.24"]
[White "Baylon, Glenda"]
[Black "Wang, Rachel"]
[Result "0-1"]
[WhiteElo "1858"]
[BlackElo "1561"]
[PlyCount "106"]
[EventDate "2022.04.13"]
[EventType "swiss"]
[EventRounds "9"]
[EventCountry "CAN"]

1. d4 d5 2. c4 dxc4 3. e4 e5 4. d5 Nf6 5. Nc3 c6 6. Bxc4 Bb4 7. Bd2 Bxc3 8.
Bxc3 Nxe4 9. Nf3 Nxc3 10. bxc3 O-O 11. O-O Qf6 12. Re1 Bg4 13. Re3 Nd7 14. Rb1
Nb6 15. Qb3 Bxf3 16. Rxf3 Qh4 17. Bd3 e4 18. Qb4 Nxd5 19. Qxe4 Qxe4 20. Bxe4
Nf6 21. Bf5 b6 22. Rd1 Rad8 23. Rfd3 Rd5 24. Rxd5 cxd5 25. Rd4 Re8 26. Kf1 g6
27. Bc2 Rc8 28. Rd3 b5 29. Bb3 Rc5 30. f3 a5 31. a4 bxa4 32. Bxa4 Kf8 33. Ke2
Ke7 34. Kd2 Nd7 35. Bb3 Nb6 36. Rd4 Kd6 37. Rh4 h5 38. Rf4 Rc7 39. h4 Kc5 40.
Kd3 f5 41. Rd4 Ra7 42. Ke3 a4 43. Ba2 a3 44. Kf4 Ra4 45. Ke3 Rxd4 46. cxd4+ Kb4
47. Kd2 Nc4+ 48. Kd3 f4 49. Kc2 Ne3+ 50. Kd2 Nxg2 51. Bxd5 Nxh4 52. Kc2 Nf5 53.
Kd3 h4 0-1

[Event "CAN-ch w"]
[Site "Kingston CAN"]
[Date "2022.04.17"]
[Round "7.25"]
[White "Hua, Michelle"]
[Black "Jiang, Hancy"]
[Result "1-0"]
[WhiteElo "1665"]
[BlackElo "1030"]
[PlyCount "131"]
[EventDate "2022.04.13"]
[EventType "swiss"]
[EventRounds "9"]
[EventCountry "CAN"]

1. d4 Nf6 2. Bf4 g6 3. Nc3 d5 4. Nb5 Na6 5. e3 c6 6. Nc3 Nc7 7. Nf3 Bg4 8. h3
Bxf3 9. Qxf3 Ne6 10. Be5 Bg7 11. Bd3 Qb6 12. O-O-O a5 13. g4 a4 14. h4 h5 15.
g5 Nd7 16. Bxg7 Nxg7 17. e4 e6 18. exd5 O-O 19. dxe6 Nxe6 20. Bc4 Nxd4 21. Qe4
c5 22. Nd5 Qd8 23. Nf6+ Nxf6 24. Qxg6+ Kh8 25. Qxf6+ Qxf6 26. gxf6 b5 27. Bd3
c4 28. Bxc4 Rad8 29. Bd3 Rd5 30. c3 Ne6 31. Be4 Re5 32. f3 Nf4 33. Kc2 Re6 34.
Rhg1 Rxf6 35. Rg5 Rb8 36. Rdg1 b4 37. cxb4 Rc8+ 38. Kb1 Rd8 39. b5 Rb8 40. b3
axb3 41. axb3 Rh6 42. Rf5 Ne2 43. Rgg5 Nd4 44. Rd5 f5 45. Rxd4 fxe4 46. fxe4
Rf8 47. Rdd5 Rf1+ 48. Kb2 Rhf6 49. Rxh5+ Kg7 50. Rhf5 R1xf5 51. Rxf5 Re6 52.
Rf4 Rb6 53. Kc3 Rxb5 54. b4 Rb8 55. Kc4 Rc8+ 56. Kd5 Rc1 57. e5 Rd1+ 58. Rd4
Rb1 59. e6 Kf8 60. Kd6 Ke8 61. h5 Rh1 62. Rd5 Rb1 63. b5 Rb2 64. h6 Rh2 65. b6
Rxh6 66. b7 1-0

[Event "CAN-ch w"]
[Site "Kingston CAN"]
[Date "2022.04.17"]
[Round "7.26"]
[White "Erwin, Abigail"]
[Black "Gao, Lucy"]
[Result "0-1"]
[WhiteElo "1000"]
[BlackElo "1585"]
[PlyCount "39"]
[EventDate "2022.04.13"]
[EventType "swiss"]
[EventRounds "9"]
[EventCountry "CAN"]

1. e4 c5 2. f4 Nc6 3. Bc4 Nf6 4. Qh5 Nxh5 5. e5 Nxf4 6. d4 Nxd4 7. Bxf4 Nxc2+
8. Kd1 Nxa1 9. Nf3 d6 10. exd6 exd6 11. Re1+ Be7 12. Bb5+ Bd7 13. a4 Bxb5 14.
axb5 O-O 15. Bg5 Bxg5 16. Nxg5 Qxg5 17. g3 Rae8 18. Rf1 Qe3 19. Nc3 Qd3+ 20.
Kc1 0-1

[Event "CAN-ch w"]
[Site "Kingston CAN"]
[Date "2022.04.17"]
[Round "8.21"]
[White "Ouellet, Maili-Jade"]
[Black "Gao, Lucy"]
[Result "1-0"]
[WhiteElo "2179"]
[BlackElo "1585"]
[PlyCount "69"]
[EventDate "2022.04.13"]
[EventType "swiss"]
[EventRounds "9"]
[EventCountry "CAN"]

1. d4 Nf6 2. c4 e6 3. Nc3 Bb4 4. f3 Bxc3+ 5. bxc3 d5 6. e3 O-O 7. cxd5 exd5 8.
Bd3 b6 9. Ne2 Bb7 10. O-O Nbd7 11. g4 h6 12. h4 Re8 13. Ng3 Nf8 14. Qe2 Ne6 15.
Qg2 c5 16. Nf5 Nh7 17. Bd2 Bc8 18. Rf2 Nef8 19. Qg3 Ng6 20. Rg2 Kh8 21. Nd6 Rf8
22. Nxf7+ Rxf7 23. Bxg6 Rf6 24. Bd3 Rf8 25. g5 h5 26. Bg6 Bf5 27. Bxh5 Qe7 28.
Bg4 Bd3 29. f4 Be4 30. Rh2 b5 31. Be2 c4 32. h5 Qd6 33. g6 Nf6 34. h6 Rg8 35.
Qg5 1-0

[Event "CAN-ch w"]
[Site "Kingston CAN"]
[Date "2022.04.17"]
[Round "8.22"]
[White "Wang, Rachel"]
[Black "Demchenko, Svitlana"]
[Result "0-1"]
[WhiteElo "1561"]
[BlackElo "2079"]
[PlyCount "85"]
[EventDate "2022.04.13"]
[EventType "swiss"]
[EventRounds "9"]
[EventCountry "CAN"]

1. d4 f5 2. c4 Nf6 3. Nc3 d6 4. g3 g6 5. Bg2 Bg7 6. Nf3 O-O 7. O-O c6 8. Bf4
Nh5 9. Bd2 e5 10. d5 e4 11. Bg5 Qe8 12. Nd4 h6 13. Be3 c5 14. Ne6 Bxe6 15. dxe6
Qxe6 16. Nb5 Na6 17. Qxd6 Qxd6 18. Nxd6 b6 19. Rab1 Nb4 20. a3 Nc2 21. Bf4 Nd4
22. Rfe1 g5 23. Bc1 Nf6 24. Nb5 a6 25. Nc3 Rad8 26. e3 Nc6 27. Na4 Nd7 28. b4
cxb4 29. axb4 b5 30. cxb5 axb5 31. Nc5 Nxc5 32. bxc5 Bc3 33. Rf1 b4 34. Bb2 Rd2
35. Ba1 Ra8 36. g4 Rda2 37. Bxc3 bxc3 38. gxf5 c2 39. Rbc1 R8a4 40. Rfe1 Rc4
41. Bf1 Rxc5 42. f3 Ne5 43. Kf2 0-1

[Event "CAN-ch w"]
[Site "Kingston CAN"]
[Date "2022.04.17"]
[Round "8.23"]
[White "Guo, Veronica (Yu Han)"]
[Black "Jiang, Hancy"]
[Result "0-1"]
[WhiteElo "1444"]
[BlackElo "1030"]
[PlyCount "96"]
[EventDate "2022.04.13"]
[EventType "swiss"]
[EventRounds "9"]
[EventCountry "CAN"]

1. d4 Nf6 2. c4 g6 3. Nc3 Bg7 4. e4 d6 5. Nge2 O-O 6. Ng3 e5 7. d5 Ne8 8. h4 f5
9. Bg5 Qd7 10. Bd2 Nf6 11. Be2 a5 12. exf5 gxf5 13. Nh5 Nxh5 14. Bxh5 Na6 15.
O-O Qe7 16. g3 Kh8 17. Kg2 Rg8 18. Bg5 Bf6 19. Bxf6+ Qxf6 20. Rh1 Nc5 21. Qe2
Bd7 22. Rag1 Rg7 23. Kf1 Rag8 24. Ke1 Qh6 25. Kd1 Qf6 26. Qe1 f4 27. gxf4 Qxf4
28. Ne2 Qxc4 29. Rxg7 Qxd5+ 30. Qd2 Qxh1+ 31. Rg1 Rxg1+ 32. Nxg1 Qxg1+ 33. Ke2
Bb5+ 34. Ke3 Qg2 35. f3 Qg1+ 36. Qf2 Qxf2+ 37. Kxf2 Nd3+ 38. Ke3 Nxb2 39. Ke4
Kg7 40. Bg4 Kf6 41. Bc8 Bc6+ 42. Ke3 d5 43. f4 d4+ 44. Kd2 e4 45. a4 Bxa4 46.
h5 e3+ 47. Ke1 d3 48. Bg4 Bb5 0-1

[Event "CAN-ch w"]
[Site "Kingston CAN"]
[Date "2022.04.17"]
[Round "8.24"]
[White "Botez, Alexandra"]
[Black "D'Souza, Carina"]
[Result "1-0"]
[WhiteElo "2020"]
[BlackElo "1466"]
[PlyCount "43"]
[EventDate "2022.04.13"]
[EventType "swiss"]
[EventRounds "9"]
[EventCountry "CAN"]

1. d4 d5 2. Nf3 e6 3. c4 c6 4. Nbd2 Nf6 5. g3 Nbd7 6. Bg2 Bd6 7. Qc2 Qe7 8. O-O
O-O 9. e4 dxe4 10. Nxe4 Nxe4 11. Qxe4 Nf6 12. Qh4 c5 13. dxc5 Bxc5 14. Rd1 Rd8
15. Bg5 Bd7 16. Ne5 Be8 17. Ng4 Bd4 18. Rxd4 Rxd4 19. Bxf6 gxf6 20. Nxf6+ Kg7
21. Qg5+ Kh8 22. Qg8# 1-0

[Event "CAN-ch w"]
[Site "Kingston CAN"]
[Date "2022.04.17"]
[Round "8.25"]
[White "Erwin, Abigail"]
[Black "Hua, Michelle"]
[Result "0-1"]
[WhiteElo "1000"]
[BlackElo "1665"]
[PlyCount "92"]
[EventDate "2022.04.13"]
[EventType "swiss"]
[EventRounds "9"]
[EventCountry "CAN"]

1. e4 c5 2. f4 Nc6 3. Bc4 d6 4. Qh5 g6 5. Qh4 Bg7 6. Nf3 e6 7. O-O Qxh4 8. Nxh4
Nge7 9. Na3 a6 10. d3 b5 11. Bb3 O-O 12. Be3 Bxb2 13. Rab1 Bxa3 14. c3 d5 15.
f5 dxe4 16. dxe4 exf5 17. exf5 Nxf5 18. Bg5 c4 19. Bc2 Nxh4 20. Bxh4 Be6 21.
Rf6 Be7 22. Be4 Bxf6 23. Bxf6 Bf5 24. Re1 Rae8 25. Kf1 Bxe4 26. h4 Bd3+ 27. Kf2
Rxe1 28. Kxe1 Re8+ 29. Kf2 Re2+ 30. Kf3 Rxa2 31. g4 a5 32. h5 b4 33. cxb4 axb4
34. Kf4 Rf2+ 35. Kg5 Rxf6 36. Kxf6 c3 37. hxg6 fxg6 38. Ke6 c2 39. Kd6 c1=Q 40.
g5 Qxg5 41. Kxc6 Bc4 42. Kc7 Qe7+ 43. Kb6 b3 44. Ka5 b2 45. Ka4 b1=R 46. Ka5
Qa7# 0-1

[Event "CAN-ch w"]
[Site "Kingston CAN"]
[Date "2022.04.17"]
[Round "8.26"]
[White "Gavrileva, Anna"]
[Black "Baylon, Glenda"]
[Result "0-1"]
[WhiteElo "1020"]
[BlackElo "1858"]
[PlyCount "95"]
[EventDate "2022.04.13"]
[EventType "swiss"]
[EventRounds "9"]
[EventCountry "CAN"]

1. d4 Nf6 2. Nf3 e6 3. Bf4 d5 4. e3 Bd6 5. Ne5 Bxe5 6. Bxe5 Nbd7 7. Bf4 Ne4 8.
Nd2 Ndf6 9. Bd3 Bd7 10. h3 Rc8 11. f3 Nxd2 12. Qxd2 Nh5 13. Bh2 Qh4+ 14. Qf2
Qxf2+ 15. Kxf2 O-O 16. g4 Nf6 17. Be5 Ne8 18. h4 f6 19. Bg3 e5 20. Bf5 Bxf5 21.
gxf5 exd4 22. exd4 c5 23. dxc5 Rxc5 24. Rac1 Rf7 25. h5 h6 26. Rhe1 Kf8 27. Ke3
Rd7 28. Kd4 Rc4+ 29. Kd3 Nd6 30. Bxd6+ Rxd6 31. Re6 Rxe6 32. fxe6 Ke7 33. Re1
Rf4 34. Re2 Rxf3+ 35. Kd4 Rf5 36. Rg2 Rg5 37. Rxg5 hxg5 38. Kxd5 g4 39. Ke4 f5+
40. Kf4 Kxe6 41. c4 Kd6 42. b4 a5 43. a3 a4 44. c5+ Kd5 45. Kg3 Ke4 46. Kh4 f4
47. b5 g3 48. c6 0-1

[Event "CAN-ch w"]
[Site "Kingston CAN"]
[Date "2022.04.18"]
[Round "9.21"]
[White "D'Souza, Carina"]
[Black "Ouellet, Maili-Jade"]
[Result "0-1"]
[WhiteElo "1466"]
[BlackElo "2179"]
[PlyCount "66"]
[EventDate "2022.04.13"]
[EventType "swiss"]
[EventRounds "9"]
[EventCountry "CAN"]

1. e4 c5 2. Nf3 d6 3. Bb5+ Nd7 4. c3 Ngf6 5. Qe2 e6 6. d4 a6 7. Bd3 b5 8. O-O
Bb7 9. a4 c4 10. Bc2 Be7 11. Bd2 O-O 12. Na3 Bc6 13. axb5 axb5 14. d5 exd5 15.
exd5 Bxd5 16. Nd4 Ne5 17. Naxb5 Qb6 18. Bf4 Rfe8 19. Rxa8 Bxa8 20. Na3 Bf8 21.
Qd2 Ne4 22. Qc1 Nc5 23. Bxe5 dxe5 24. Nf5 Nd3 25. Nxc4 Qc6 26. Qg5 Nf4 27. Be4
Qxc4 28. Bxa8 Rxa8 29. Ne3 Qe4 30. Nf5 g6 31. Ne3 Bc5 32. Nd1 h6 33. Qg4 Ne2+
0-1

[Event "CAN-ch w"]
[Site "Kingston CAN"]
[Date "2022.04.17"]
[Round "9.22"]
[White "Demchenko, Svitlana"]
[Black "Jiang, Hancy"]
[Result "1-0"]
[WhiteElo "2079"]
[BlackElo "1030"]
[PlyCount "81"]
[EventDate "2022.04.13"]
[EventType "swiss"]
[EventRounds "9"]
[EventCountry "CAN"]

1. e4 c6 2. d4 d5 3. exd5 cxd5 4. Bf4 Nf6 5. c3 Nc6 6. Bd3 Bg4 7. Qb3 Qc8 8.
Nd2 e6 9. Ngf3 Bxf3 10. Nxf3 Be7 11. Qc2 a6 12. a4 Na5 13. Ne5 Nc4 14. Qe2 Nd6
15. O-O O-O 16. Rfc1 b6 17. c4 dxc4 18. Nxc4 Nxc4 19. Rxc4 Qd7 20. Be5 Nd5 21.
Rac1 Bg5 22. R1c2 Rfc8 23. Rxc8+ Rxc8 24. Bxa6 Rxc2 25. Qxc2 Nb4 26. Qc8+ Qxc8
27. Bxc8 Bd8 28. Bd6 Nc2 29. d5 exd5 30. Bb7 Bf6 31. b3 d4 32. Be4 Na1 33. b4
Nb3 34. Bc7 Be7 35. Bd5 Nd2 36. Bxb6 Bxb4 37. a5 d3 38. a6 Nb1 39. a7 d2 40.
a8=Q+ Bf8 41. Bf3 1-0

[Event "CAN-ch w"]
[Site "Kingston CAN"]
[Date "2022.04.18"]
[Round "9.23"]
[White "Gao, Lucy"]
[Black "Guo, Veronica (Yu Han)"]
[Result "1/2-1/2"]
[WhiteElo "1585"]
[BlackElo "1444"]
[PlyCount "76"]
[EventDate "2022.04.13"]
[EventType "swiss"]
[EventRounds "9"]
[EventCountry "CAN"]

1. e4 c6 2. d4 d5 3. exd5 cxd5 4. Nf3 Nf6 5. Ne5 Nc6 6. Bb5 Bd7 7. Nxd7 Qxd7 8.
c3 a6 9. Bd3 e6 10. Nd2 Bd6 11. O-O O-O 12. Nf3 Qc7 13. Bg5 Ne4 14. Be3 f5 15.
Qe2 Rae8 16. h3 Kh8 17. Bxe4 dxe4 18. Ng5 g6 19. Nxe6 Rxe6 20. d5 f4 21. dxe6
fxe3 22. Qxe3 Qa5 23. Qxe4 Qe5 24. Qxe5+ Bxe5 25. Rad1 Re8 26. Rd7 b5 27. f4
Bf6 28. Re1 Be7 29. g4 h6 30. Kg2 Kg7 31. Rc7 Nb8 32. g5 h5 33. h4 a5 34. Re5
Kg8 35. Rxb5 Bd6 36. Rcb7 Bxf4 37. Kf3 Bd6 38. R5b6 Bh2 1/2-1/2

[Event "CAN-ch w"]
[Site "Kingston CAN"]
[Date "2022.04.18"]
[Round "9.24"]
[White "Baylon, Glenda"]
[Black "Botez, Alexandra"]
[Result "1/2-1/2"]
[WhiteElo "1858"]
[BlackElo "2020"]
[PlyCount "157"]
[EventDate "2022.04.13"]
[EventType "swiss"]
[EventRounds "9"]
[EventCountry "CAN"]

1. d4 Nf6 2. c4 g6 3. Nc3 d6 4. e3 Bg7 5. Nf3 O-O 6. Be2 Nbd7 7. O-O e5 8. Qc2
c6 9. Rd1 Qc7 10. dxe5 dxe5 11. e4 a5 12. Be3 Ng4 13. Qd2 Nxe3 14. Qxe3 b6 15.
Qd3 Re8 16. Qd6 Qb7 17. Qd2 Nc5 18. Qc2 Ne6 19. Bd3 Nd4 20. Nxd4 exd4 21. Ne2
c5 22. Nf4 Rf8 23. Re1 Bd7 24. a4 Bc6 25. Nd5 Rab8 26. b3 Kh8 27. Re2 Rbe8 28.
Rae1 g5 29. Qd2 h6 30. h4 f6 31. h5 Bd7 32. f3 Rg8 33. g4 Qb8 34. Rg2 Bc6 35.
Rf1 Bxd5 36. cxd5 Bf8 37. f4 Bg7 38. fxg5 fxg5 39. Rf5 Be5 40. Qc2 Rgf8 41. Qc4
Rxf5 42. exf5 Bf4 43. Qb5 Be3+ 44. Kh1 Qd6 45. Qc6 Rd8 46. Qb7 Qf6 47. Qc6 Kg7
48. Re2 Qxc6 49. dxc6 Rc8 50. Be4 Kf6 51. Kg2 Ke5 52. Kf3 Kd6 53. Re1 Rb8 54.
Bd3 Kxc6 55. Rf1 Rf8 56. Ke4 Rf6 57. Bc4 Bf4 58. Kd3 Be3 59. Be6 Kd6 60. Kc4
Rf8 61. Kd3 Ke5 62. Bc4 Kf6 63. Be6 Rd8 64. Bc4 Rb8 65. Rf3 Re8 66. Be6 Ra8 67.
Bc4 b5 68. Bxb5 Ra7 69. Bc4 Re7 70. Be6 Rc7 71. Kc4 Ke5 72. Rf1 Bd2 73. Bd5 Kf6
74. Kb5 Bb4 75. Kc4 Rd7 76. Be6 Rd6 77. Kd3 Rd8 78. Rf2 Ke5 79. Bc4 1/2-1/2

[Event "CAN-ch w"]
[Site "Kingston CAN"]
[Date "2022.04.18"]
[Round "9.25"]
[White "Hua, Michelle"]
[Black "Wang, Rachel"]
[Result "1-0"]
[WhiteElo "1665"]
[BlackElo "1561"]
[PlyCount "99"]
[EventDate "2022.04.13"]
[EventType "swiss"]
[EventRounds "9"]
[EventCountry "CAN"]

1. d4 d5 2. Bf4 Nf6 3. Nf3 c5 4. e3 Nc6 5. c3 Qb6 6. Qb3 c4 7. Qc2 Bf5 8. Qc1
e6 9. Nbd2 Qd8 10. h3 Bd6 11. Bxd6 Qxd6 12. Be2 O-O 13. O-O b5 14. Bd1 b4 15.
Bc2 Bxc2 16. Qxc2 Rfb8 17. e4 Nd7 18. Rfb1 a5 19. e5 Qe7 20. b3 cxb3 21. Rxb3
a4 22. Rbb1 Rc8 23. c4 dxc4 24. Qxc4 Nb6 25. Qd3 Nd5 26. Ne4 Na5 27. Nfd2 Qc7
28. Rc1 Qb6 29. Nc5 Nc3 30. Nde4 Nxe4 31. Qxe4 Nc6 32. Rab1 Ne7 33. Rc3 Nd5 34.
Rg3 Qc6 35. Qg4 g6 36. Rb2 b3 37. axb3 a3 38. Rb1 Nb4 39. Rc3 Qb5 40. Qf3 Qc6
41. Ne4 Qb6 42. Nc5 Qc6 43. Qe2 Qd5 44. Rc4 Rcb8 45. Ne4 a2 46. Ra1 Qa5 47. Qd2
Qa3 48. Qh6 f5 49. Nf6+ Kf7 50. Rc7# 1-0

[Event "CYCC U08"]
[Site "Hamilton CAN"]
[Date "2022.07.08"]
[Round "1.1"]
[White "Su, Samuel"]
[Black "Mutyalapati, Modith Aaroh"]
[Result "0-1"]
[WhiteElo "505"]
[BlackElo "1688"]
[PlyCount "72"]
[EventDate "2022.07.08"]
[EventType "swiss"]
[EventRounds "7"]
[EventCountry "CAN"]

1. d4 d5 2. Bf4 Nf6 3. e3 c5 4. c3 Nc6 5. Nf3 Qb6 6. Qb3 c4 7. Qxb6 axb6 8.
Nbd2 e6 9. Ne5 Nxe5 10. Bxe5 Be7 11. Nf3 b5 12. a3 b4 13. axb4 Rxa1+ 14. Ke2
Bd7 15. Bxf6 Bxf6 16. Ne5 Bxe5 17. dxe5 Ba4 18. Kd2 Rd1+ 19. Ke2 Rb1 20. g3 O-O
21. Kd2 Ra8 22. Bg2 Rxh1 23. Bxh1 Bb3 24. f4 Ra2 25. Kc1 Ra1+ 26. Kd2 Rxh1 27.
g4 Rxh2+ 28. Ke1 Rxb2 29. f5 Rc2 30. fxe6 fxe6 31. Kd1 Rxc3+ 32. Kd2 Rc2+ 33.
Ke1 c3 34. g5 Rb2 35. Kf1 c2 36. Ke1 c1=R# 0-1

[Event "CYCC U08"]
[Site "Hamilton CAN"]
[Date "2022.07.08"]
[Round "1.2"]
[White "Xu, Ryan"]
[Black "Deng, Jeffrey"]
[Result "1-0"]
[WhiteElo "1565"]
[BlackElo "431"]
[PlyCount "47"]
[EventDate "2022.07.08"]
[EventType "swiss"]
[EventRounds "7"]
[EventCountry "CAN"]

1. d4 d5 2. c4 dxc4 3. e3 e6 4. Bxc4 Nc6 5. Nf3 Nf6 6. O-O Bd6 7. Nc3 O-O 8. e4
e5 9. Bg5 h6 10. Bh4 exd4 11. Nd5 Be7 12. Nxd4 Nxd4 13. Nxe7+ Qxe7 14. Qxd4 Be6
15. e5 Bxc4 16. exf6 Qe6 17. Rfe1 Qd5 18. Qg4 g6 19. Rad1 Qc6 20. Rc1 b5 21. b3
Be6 22. Qf4 g5 23. Bxg5 Qd6 24. Qh4 1-0

[Event "CYCC U08"]
[Site "Hamilton CAN"]
[Date "2022.07.08"]
[Round "1.16"]
[White "Xu, Samuel"]
[Black "Zheng, Kingsley"]
[Result "0-1"]
[WhiteElo "266"]
[BlackElo "687"]
[PlyCount "68"]
[EventDate "2022.07.08"]
[EventType "swiss"]
[EventRounds "7"]
[EventCountry "CAN"]

1. e4 e5 2. Nf3 Nc6 3. Bb5 Nf6 4. Nc3 Bb4 5. Bxc6 dxc6 6. a3 Bxc3 7. bxc3 Nxe4
8. Nxe5 Qf6 9. f3 Qxe5 10. fxe4 Qxe4+ 11. Qe2 Qxe2+ 12. Kxe2 Bg4+ 13. Kf2 O-O-O
14. Re1 Rhe8 15. Rxe8 Rxe8 16. h3 Bf5 17. g4 Bxc2 18. d4 Bd1 19. Bf4 Bb3 20.
Rb1 Bc4 21. Re1 Rg8 22. Re7 g5 23. Bd2 Kd8 24. Rxf7 Bxf7 25. c4 Bxc4 26. Bb4 b6
27. Kg3 a5 28. Bd2 h6 29. h4 gxh4+ 30. Kxh4 Rg6 31. Kg3 Be6 32. Kh4 Rxg4+ 33.
Kh3 Rxd4+ 34. Kg3 Rxd2 0-1

[Event "CYCC U08"]
[Site "Hamilton CAN"]
[Date "2022.07.08"]
[Round "2.1"]
[White "Mutyalapati, Modith Aaroh"]
[Black "Kwan, Cameron"]
[Result "1-0"]
[WhiteElo "1688"]
[BlackElo "1127"]
[PlyCount "119"]
[EventDate "2022.07.08"]
[EventType "swiss"]
[EventRounds "7"]
[EventCountry "CAN"]

1. e4 c5 2. Nf3 d6 3. d4 cxd4 4. Nxd4 Nf6 5. Nc3 a6 6. Bc4 e6 7. Bb3 Be7 8. O-O
O-O 9. Be3 b5 10. f3 Nbd7 11. Bxe6 Ne5 12. Bd5 Nxd5 13. Nxd5 Bf6 14. Nxf6+ Qxf6
15. Ne2 Nc4 16. Bd4 Qe6 17. Nf4 Qh6 18. Qc1 Bb7 19. b3 Ne5 20. Bxe5 dxe5 21.
Nd3 Qxc1 22. Raxc1 f6 23. Nc5 Bc6 24. Rfd1 Rad8 25. Kf2 Rxd1 26. Rxd1 Kf7 27.
Nxa6 Ke7 28. Nb4 Bb7 29. Ke3 Rd8 30. Rxd8 Kxd8 31. Kd3 Kc7 32. c4 bxc4+ 33.
Kxc4 Kb6 34. Nd5+ Kc6 35. Nb4+ Kb6 36. a4 Ka5 37. Nd5 Ba6+ 38. Kc5 Bb7 39. Nc3
h5 40. b4+ Ka6 41. Nd5 h4 42. Nc7+ Ka7 43. b5 g6 44. a5 f5 45. a6 fxe4 46. b6+
Kb8 47. a7+ Kc8 48. fxe4 Bxe4 49. a8=Q+ Bxa8 50. Nxa8 Kb7 51. Nc7 e4 52. Nd5 g5
53. Ne3 Kb8 54. Kc6 Kc8 55. b7+ Kb8 56. Nc4 g4 57. Nb6 e3 58. Nd7+ Ka7 59.
b8=Q+ Ka6 60. Qb6# 1-0

[Event "CYCC U08"]
[Site "Hamilton CAN"]
[Date "2022.07.08"]
[Round "2.2"]
[White "Puppala, Aekaay"]
[Black "Xu, Ryan"]
[Result "0-1"]
[WhiteElo "927"]
[BlackElo "1565"]
[PlyCount "68"]
[EventDate "2022.07.08"]
[EventType "swiss"]
[EventRounds "7"]
[EventCountry "CAN"]

1. e4 c5 2. c3 Nf6 3. d3 d6 4. Nf3 e6 5. Bf4 Be7 6. Nbd2 O-O 7. Be2 Nc6 8. O-O
h6 9. Qb3 e5 10. Be3 Be6 11. Qc2 Ng4 12. Nb3 Nxe3 13. fxe3 Bg5 14. Kf2 Kh8 15.
d4 f5 16. d5 fxe4 17. Qxe4 Bf5 18. Qa4 Nb8 19. Nbd2 e4 20. Nxe4 Nd7 21. Nxd6
Nb6 22. Nxg5 hxg5 23. Qd1 Bc2+ 24. Kg1 Bxd1 25. Raxd1 Rxf1+ 26. Rxf1 Qxd6 27.
Rf5 Qe7 28. Rf3 g4 29. Rg3 Rf8 30. h3 Nxd5 31. Bc4 Nxe3 32. Bb3 Qe5 33. Rxe3
Qxe3+ 34. Kh2 g3+ 0-1

[Event "CYCC U08"]
[Site "Hamilton CAN"]
[Date "2022.07.08"]
[Round "2.3"]
[White "Banerjee, Evan"]
[Black "Narula, Japveer"]
[Result "0-1"]
[WhiteElo "849"]
[BlackElo "1326"]
[PlyCount "78"]
[EventDate "2022.07.08"]
[EventType "swiss"]
[EventRounds "7"]
[EventCountry "CAN"]

1. e4 e5 2. Nf3 Nc6 3. Bc4 Bc5 4. c3 Nf6 5. d4 exd4 6. cxd4 Bb4+ 7. Bd2 Bxd2+
8. Nbxd2 O-O 9. d5 Ne7 10. O-O d6 11. h3 Bd7 12. Re1 c6 13. dxc6 Nxc6 14. Nb3
Qc7 15. Qe2 Rfe8 16. Qd3 Ne5 17. Nxe5 dxe5 18. Rad1 Rad8 19. Qc3 Bc6 20. f3 Rd7
21. Nc5 Qb6 22. Qa3 Rxd1 23. Rxd1 Nd7 24. Rxd7 Bxd7 25. Kh1 Bc6 26. Nd3 Rd8 27.
Nxe5 Qc7 28. Bxf7+ Kh8 29. f4 Be8 30. Qb3 Qc1+ 31. Kh2 Qxf4+ 32. Kh1 Qxe5 33.
Bxe8 Rxe8 34. Qf7 Qxe4 35. Kh2 Rd8 36. Qb3 Rd3 37. Qf7 Qe5+ 38. Kh1 Rd1+ 39.
Qf1 Rxf1# 0-1

[Event "CYCC U08"]
[Site "Hamilton CAN"]
[Date "2022.07.08"]
[Round "2.4"]
[White "Zheng, Kingsley"]
[Black "Wang, Lucas"]
[Result "0-1"]
[WhiteElo "687"]
[BlackElo "1301"]
[PlyCount "78"]
[EventDate "2022.07.08"]
[EventType "swiss"]
[EventRounds "7"]
[EventCountry "CAN"]

1. e4 c5 2. Nf3 Nc6 3. Bc4 d6 4. Nc3 Nf6 5. d3 Bd7 6. O-O g6 7. Be3 Bg7 8. Qd2
O-O 9. Bh6 Ng4 10. Bxg7 Kxg7 11. d4 cxd4 12. Nxd4 Nce5 13. Bd5 e6 14. Bxb7 Rb8
15. Ba6 Rb6 16. Be2 Rxb2 17. Rfb1 Rxb1+ 18. Rxb1 Qh4 19. Bxg4 Nxg4 20. Nf3 Qe7
21. h3 Nh6 22. Rb7 Rd8 23. Rxa7 e5 24. Nd5 Qf8 25. Qg5 Ng8 26. Nb6 Be6 27. Nh4
h6 28. Qxg6+ Kh8 29. Qh5 Qg7 30. Nf5 Qh7 31. Qg4 Nf6 32. Qf3 Nxe4 33. Qxe4 Bxf5
34. Qf3 Rg8 35. Nc4 Qg6 36. Ra6 Be4 37. Qg3 Qh5 38. Qe3 Qd1+ 39. Kh2 Rxg2# 0-1